00527nam a2200205 a 4500001001300000003000900013005001700022008004100039020002300080082001700103100002100120245002600141260003600167300000900203500003500212505001000247650002200257650002100279700002100300nice12345678IN_TiNIC20260116013806.0050524s1973 hyda grp 000 0 eng  a0861253 c20000a954.092bSAR aSarkar, Jadunath aShivaji and His Times aHyderabadbOrient Longmanc1973 a332p aincludes index and biblioraphy2 aIndex aShivaji-Biography aMarathas-History1 aSarkar, Jadunath